Mobile phone masts (Record no. 65900)

MARC details
000 -LEADER
fixed length control field 00841cam a2200181 4500
001 - CONTROL NUMBER
control field WB3704-36
008 - FIXED-LENGTH DATA ELEMENTS--GENERAL INFORMATION
fixed length control field 000000n2001 000 0 eng u
035 ## - SYSTEM CONTROL NUMBER
System control number (Sirsi) u110545
245 ## - TITLE STATEMENT
Title Mobile phone masts
260 ## - PUBLICATION, DISTRIBUTION, ETC.
Date of publication, distribution, etc. 2001
490 ## - SERIES STATEMENT
Series statement Financial Times
Volume/sequential designation 23 January 2001, 3
490 ## - SERIES STATEMENT
Series statement Yorkshire Post
Volume/sequential designation 23 January 2001, 14(2)
520 ## - SUMMARY, ETC.
Summary, etc. Two articles looking at mobile phone masts. Kent CC has refused to allow masts on any council property, causing a major setback to the mobile phone industry's plans to install more masts to support internet networks. The second article looks at the mobile phone operators plans to increase the number of masts around the country and at the health scares surrounding mobile phones.
590 ## - LOCAL NOTE (RLIN)
Local note WB
650 ## - SUBJECT ADDED ENTRY--TOPICAL TERM
Topical term or geographic name entry element MOBILE PHONE MASTS
690 ## - LOCAL SUBJECT ADDED ENTRY--TOPICAL TERM (OCLC, RLIN)
Topical term or geographic name as entry element TRANSPORT AND COMMUNICATIONS
942 ## - ADDED ENTRY ELEMENTS (KOHA)
Suppress in OPAC 0
Holdings
Withdrawn status Lost status Source of classification or shelving scheme Damaged status Not for loan Home library Current library Shelving location Date acquired Total Checkouts Full call number Barcode Date last seen Copy number Price effective from Koha item type
    Dewey Decimal Classification     London London News article 25/01/2001   WB3704-36 110545-1001 06/08/2019 1 06/08/2019 News article